[Event "Nonthaburi SEA Games Qual"]
[Site "Nonthaburi"]
[Date "2021.03.06"]
[Round "6.9"]
[White "Iamwattananan, Nattapong"]
[Black "Mongkolpradit, Harris"]
[Result "0-1"]
[WhiteElo "1100"]
[BlackElo "1533"]
[PlyCount "126"]
[EventDate "2021.03.04"]
[EventType "swiss"]
[EventRounds "9"]
[EventCountry "THA"]
[SourceTitle "EXT 2022"]
[Source "ChessBase"]
[SourceDate "2021.10.06"]
[SourceVersion "1"]
[SourceVersionDate "2021.10.06"]
[SourceQuality "1"]

1. e4 c5 2. Nf3 Nc6 3. Bb5 g6 4. d4 cxd4 5. Nxd4 Bg7 6. Be3 Nf6 7. Nc3 0-0 8. 0-0 a6 9. Bxc6 bxc6 10. Qd2 Ng4 11. h3 Nxe3 12. Qxe3 Qb6 13. Nb3 Qxe3 14. fxe3 Bxc3 15. bxc3 d6 16. Rab1 c5 17. Na5 Be6 18. a3 Rfc8 19. Rb7 Kf8 20. c4 Ke8 21. g4 Bd7 22. Rb6 Rcb8 23. Rfb1 Rxb6 24. Rxb6 f6 25. Kf2 Kf7 26. Kf3 g5 27. Rb7 Ba4 28. Rb2 Ke6 29. Kg3 Ke5 30. Kf3 h5 31. Rb7 e6 32. Rb6 hxg4+ 33. hxg4 Ra7 34. Nc6+ Bxc6 35. Rxc6 a5 36. Rb6 Rh7 37. Kg3 Rh1 38. Ra6 Rc1 39. Rxa5 Rxc2 40. Ra4 Kxe4 41. Ra6 Ke5 42. Ra4 Rc3 43. Kf3 f5 44. gxf5 exf5 45. Ra8 Rxc4 46. a4 g4+ 47. Kf2 Rc2+ 48. Kg3 c4 49. a5 c3 50. a6 Ra2 51. a7 Kd5 52. Rc8 Rxa7 53. Rxc3 Ra4 54. Rd3+ Ke5 55. Rb3 Re4 56. Rd3 d5 57. Ra3 f4+ 58. exf4+ Rxf4 59. Ra5 Re4 60. Rb5 Kd4 61. Rb8 Kd3 62. Rb2 d4 63. Rf2 Kc3 0-1

[Event "Nonthaburi SEA Games Qual"]
[Site "Nonthaburi"]
[Date "2021.03.05"]
[Round "3.8"]
[White "Iamwattananan, Nattapong"]
[Black "Alriyami, Faris Rashid"]
[Result "0-1"]
[WhiteElo "1100"]
[BlackElo "1758"]
[PlyCount "84"]
[EventDate "2021.03.04"]
[EventType "swiss"]
[EventRounds "9"]
[EventCountry "THA"]
[SourceTitle "EXT 2022"]
[Source "ChessBase"]
[SourceDate "2021.10.06"]
[SourceVersion "1"]
[SourceVersionDate "2021.10.06"]
[SourceQuality "1"]

1. e4 c5 2. Nf3 e6 3. Nc3 Nc6 4. d4 cxd4 5. Nxd4 Qc7 6. Nxc6 bxc6 7. Bd3 Nf6 8. 0-0 Be7 9. Bg5 h6 10. Bh4 Nxe4 11. Nxe4 Bxh4 12. Qg4 Bg5 13. Nxg5 hxg5 14. h3 Qf4 15. Qxf4 gxf4 16. Rfe1 Rb8 17. Re4 g5 18. Ra4 Rxb2 19. Rxa7 Kd8 20. Rd1 Rb7 21. Ra8 Kc7 22. Ra5 d5 23. c4 Rd8 24. Rc1 Kd6 25. cxd5 exd5 26. Ra8 Rb6 27. Bf5 Kc7 28. Bxc8 Rxc8 29. Ra7+ Rb7 30. Ra5 Kd7 31. Kf1 Rcc7 32. Ke2 Ra7 33. Rcc5 Rxa5 34. Rxa5 c5 35. Ra6 Rc6 36. Rxc6 Kxc6 37. Kd3 f5 38. g3 c4+ 39. Kd4 fxg3 40. fxg3 f4 41. gxf4 gxf4 42. h4 f3 0-1

[Event "Nonthaburi SEA Games Qual"]
[Site "Nonthaburi"]
[Date "2021.03.04"]
[Round "1.10"]
[White "Suppt Hongs, Paisal"]
[Black "Iamwattananan, Nattapong"]
[Result "1-0"]
[WhiteElo "1771"]
[BlackElo "1100"]
[PlyCount "125"]
[EventDate "2021.03.04"]
[EventType "swiss"]
[EventRounds "9"]
[EventCountry "THA"]
[SourceTitle "EXT 2022"]
[Source "ChessBase"]
[SourceDate "2021.10.06"]
[SourceVersion "1"]
[SourceVersionDate "2021.10.06"]
[SourceQuality "1"]

1. c4 e5 2. Nc3 Nc6 3. Nf3 Nf6 4. g3 Bb4 5. Bg2 0-0 6. a3 Bxc3 7. dxc3 h6 8. 0-0 d6 9. b4 Be6 10. Nd2 Rb8 11. Qa4 d5 12. cxd5 Nxd5 13. Qc2 Qd7 14. b5 Nd8 15. c4 Nf6 16. Bb2 Bh3 17. Bxe5 Bxg2 18. Kxg2 Qe7 19. Qb2 Re8 20. Nf3 Ng4 21. Bd4 Qxe2 22. Qxe2 Rxe2 23. h3 Nf6 24. Bxa7 Ra8 25. Be3 Ne6 26. Rfc1 Re8 27. Kf1 Rxe3 28. fxe3 Nc5 29. Re1 Nd3 30. Re2 Ne4 31. Kg2 Nc3 32. Rc2 Na4 33. Nd4 Re5 34. e4 Rxe4 35. Rd2 Re3 36. Re2 Re5 37. Rd1 Rxe2+ 38. Nxe2 Ne5 39. Rd8+ Kh7 40. Rf8 f6 41. Rc8 Nxc4 42. Rxc7 Nxa3 43. Rxb7 Nc4 44. Nd4 Nd6 45. Rd7 Ne8 46. Ne6 Nb6 47. Re7 Nd6 48. Rxg7+ Kh8 49. Rc7 Ndc4 50. Nd4 Nd5 51. Ra7 Ncb6 52. Kf3 Nc4 53. Ke4 Nde3 54. b6 Nxb6 55. Kxe3 Nc4+ 56. Kf4 Kg8 57. Kf5 Nd6+ 58. Ke6 Ne4 59. Nf5 Ng5+ 60. Kxf6 Nxh3 61. Nxh6+ Kh8 62. Nf7+ Kg8 63. Ke6 1-0

[Event "Bangkok Chinese New Year op"]
[Site "Bangkok"]
[Date "2020.01.26"]
[Round "7"]
[White "Burbach, Anya Belle"]
[Black "Iamwattananan, Nattapong"]
[Result "1-0"]
[WhiteElo "1127"]
[BlackElo "1123"]
[PlyCount "53"]
[EventDate "2020.01.25"]
[EventType "swiss (rapid)"]
[EventRounds "9"]
[EventCountry "THA"]
[SourceTitle "CBM 194 Extra"]
[Source "ChessBase"]
[SourceDate "2020.03.31"]
[SourceVersion "1"]
[SourceVersionDate "2020.03.31"]
[SourceQuality "1"]

1. e4 e5 2. Nc3 Nc6 3. Bc4 Bc5 4. Qg4 Bf8 5. Qh5 g6 6. Qf3 Nf6 7. Nge2 Bg7 8. d3 h6 9. Bd2 d6 10. h3 0-0 11. 0-0-0 Be6 12. Nd5 Kh7 13. Nec3 Na5 14. g4 Nxc4 15. dxc4 Nd7 16. h4 f5 17. exf5 gxf5 18. g5 f4 19. Rdg1 c6 20. gxh6 Bxh6 21. Nb4 Nc5 22. Nd3 e4 23. Nxe4 Nxe4 24. Qxe4+ Bf5 25. Qg2 Bxd3 26. cxd3 d5 27. Qg6+ 1-0

[Event "Bangkok Chinese New Year op"]
[Site "Bangkok"]
[Date "2020.01.25"]
[Round "4"]
[White "Iamwattananan, Nattapong"]
[Black "Calacday, Jericho"]
[Result "1-0"]
[WhiteElo "1123"]
[BlackElo "1212"]
[PlyCount "35"]
[EventDate "2020.01.25"]
[EventType "swiss (rapid)"]
[EventRounds "9"]
[EventCountry "THA"]
[SourceTitle "CBM 194 Extra"]
[Source "ChessBase"]
[SourceDate "2020.03.31"]
[SourceVersion "1"]
[SourceVersionDate "2020.03.31"]
[SourceQuality "1"]

1. e4 c5 2. c3 d5 3. exd5 Qxd5 4. d4 cxd4 5. cxd4 Nc6 6. Nf3 Bg4 7. Be2 Bxf3 8. Bxf3 Qxd4 9. Bxc6+ Kd8 10. Qxd4+ Kc7 11. Qd7+ Kb6 12. Be3+ Ka5 13. Qc7+ b6 14. Bxa8 e6 15. Bc6 Bb4+ 16. Nc3 Bxc3+ 17. bxc3 Nf6 18. Qxa7# 1-0

[Event "Bangkok Chinese New Year op"]
[Site "Bangkok"]
[Date "2020.01.25"]
[Round "5"]
[White "Tangsunawan, Tada"]
[Black "Iamwattananan, Nattapong"]
[Result "0-1"]
[WhiteElo "1285"]
[BlackElo "1123"]
[PlyCount "168"]
[EventDate "2020.01.25"]
[EventType "swiss (rapid)"]
[EventRounds "9"]
[EventCountry "THA"]
[SourceTitle "CBM 194 Extra"]
[Source "ChessBase"]
[SourceDate "2020.03.31"]
[SourceVersion "1"]
[SourceVersionDate "2020.03.31"]
[SourceQuality "1"]

1. e4 e5 2. Nf3 Nc6 3. Bc4 Bc5 4. Nc3 Nf6 5. d3 h6 6. 0-0 0-0 7. h3 d6 8. a3 a5 9. Be3 Ba7 10. Nb5 Bd7 11. Nxa7 Nxa7 12. Nh2 Nc6 13. f4 Rb8 14. fxe5 Nxe5 15. Bb3 Re8 16. Nf3 Bc6 17. Bd4 Qd7 18. Nxe5 dxe5 19. Be3 Qd6 20. Qf3 Rf8 21. Qg3 Kh7 22. Qf2 Rbd8 23. Bc5 Qd7 24. Bxf8 Rxf8 25. Qf5+ Qxf5 26. Rxf5 b5 27. Rxe5 a4 28. Ba2 Nd7 29. Rf5 f6 30. Rff1 Re8 31. Rfe1 Ne5 32. d4 Ng6 33. Bf7 Rxe4 34. Rxe4 Bxe4 35. Bxg6+ Kxg6 36. c3 Kf5 37. Rd1 c6 38. Kf2 Ke6 39. Rd2 Kd5 40. Ke3 f5 41. Kf4 g5+ 42. Kg3 h5 43. h4 f4+ 44. Kh3 g4+ 45. Kh2 Kc4 46. Kg1 Kd5 47. Rf2 f3 48. gxf3 Bxf3 49. Kh2 Ke4 50. Kg3 Ke3 51. Rh2 Ke4 52. Rc2 Kd3 53. Rc1 Kd2 54. Rf1 Ke2 55. Rf2+ Ke3 56. Rf1 Ke2 57. Rg1 Kd3 58. Rf1 Kc2 59. Rf2+ Kd3 60. Kf4 Be2 61. Rg2 Bf3 62. Rg3 Kc2 63. Kg5 Kxb2 64. Kxh5 Kxa3 65. Kg5 Kb2 66. h5 a3 67. h6 Be4 68. Rg2+ Kb3 69. Rxg4 Bc2 70. Rg1 a2 71. Ra1 Kb2 72. Rxa2+ Kxa2 73. Kf4 Kb2 74. Ke5 Kxc3 75. d5 cxd5 76. Kxd5 b4 77. Kc5 b3 78. Kb5 b2 79. Ka5 b1Q 80. h7 Bxh7 81. Ka6 Kc4 82. Ka7 Kc5 83. Ka8 Kc6 84. Ka7 Qb7# 0-1